000 02538cab a2200313 ab4500
005 20241023121407.0
008 991125c2018 sp tr p o 000 0 spa d
035 _aUPN01000228251
040 _a MX-MxUPN
_bspa
_c MX-MxUPN
_eaacr2
049 _aART-E
100 1 _aRodríguez Miñambres, Paloma
100 1 _aRico Martínez, Arantza
100 1 _aLópez de Sosoaga, Alfredo
_6- alfredo.lopezdesosoaga@ehu.eus
100 1 _aUgalde Gorostiza, Ana Isabel
245 1 0 _aCómo evaluar una simulación de la metodología por proyectos a través del uso de rúbricas en el Grado de Educación Primaria
506 _aAcceso abierto
520 3 _aEl desarrollo de competencias transversales en los grados universitarios requiere enfoques metodológicos que diluyan las barreras entre las distintas disciplinas. Para responder a ese desafío se han diseñado e implementado los trabajos modulares interdisciplinares (TMI). Este artículo presenta los instrumentos de evaluación de una propuesta didáctica interdisciplinar implantada en el grado de Educación Primaria para dar a conocer la metodología por proyectos de aula. Se trata de cuatro rúbricas que informan del progreso del trabajo cooperativo de los estudiantes y del producto final escrito y oral. Con el objetivo de conocer el impacto que tiene esta metodología en el desarrollo de las competencias profesionales de los futuros docentes, se diseñó un cuestionario de opinión sobre la misma. Asimismo, se exponen los resultados de evaluación sobre dicha metodología, obtenidos en el segundo año de la implantación del proyecto modular interdisciplinar, tanto desde el punto de vista del alumnado como del profesorado. Los resultados evidencian la importancia de la coordinación entre el profesorado y del acompañamiento al alumnado durante todo el proceso, orientándolo en la simulación, ayudándolo a establecer vínculos entre la teoría y la práctica y dotándolo de herramientas que faciliten la elaboración del TMI. REIFOP
541 _aAcceso gratuito
650 4 _aAprendizaje basado en proyectos
_927842
653 0 _aFormación docente
653 0 _aRúbricas
653 0 _aTrabajo interdisciplinario
773 _hVol. 21, no. 2 (2018), p. 43-63
_tREIFOP: revista electrónica interuniversitaria de formación del profesorado
_x1575-0965
856 4 _uhttps://revistas.um.es/reifop/article/view/315011
856 4 _uhttps://doi.org/10.6018/reifop.21.2.315011
902 _aLeonor Sotres/231024
905 _aArticulo
942 _cART-E
999 _c200346
_d200346